00892nam a22002417a 450000500170000001000150001702000270003203500130005903700130007208200110008510000270009624500870012325000110021026000440022127000710026530000270033650000490036365000220041265000360043494200250047099900170049595201380051220100814112122.0 aENG-100164 c1595.00a9788185578842 aEN-83696 bDBAD/PUB a617.89 aBiswas, Anirban913145 aClinical audio-vestibulometry for otologists and neurologists /cby Anirban Biswas a4th ed aMumbai bBhalani Publishing Housec2009 a11 Mavawala Building Opp. K. E. M. Hospital ParelbMumbai e400012 axii, 272p.:c29cm (Hb) aIncludes bibliogaphical references and index aAudiometry913146 aVestifular function test913147 2ddccENh617.89mBIS c41823d41823 001040718NFICaDBADbDBADd2010-08-14eDBAD/PUBg1595.00l0o617.89 BISpEN-83696r2010-08-14 00:00:00t1v1595.00w2010-08-14yEN